000 00734cam a22002411 4500
001 sa 68001940
003 DLC
005 20260227112438.0
008 890531s1966 ii 000 0 hino
010 _asa 68001940
035 _a(OCoLC)19792102
040 _aDLC
_cWaU
_dNRU
_dDLC
042 _apremarc
050 0 0 _aPK2057
_b.S47
100 1 _aSisaudia, Malkhan Singh,
_d1923-
245 1 0 _aTīna sau gīta;
_bnaye purāne kaviyoṃ ke kāvya kā pratinidhi saṅkalana.
_cSampādaka Malakhāna Siṃha Sisaudiyā.
250 _a[1. saṃskaraṇa]
260 _aĀgarā,
_bPragati Prakāśana
_c[1966]
300 _a248 p.
_c20 cm.
490 0 _aPragati pustakamālā ;
_v40
500 _aIn Hindi.
650 0 _aHindi poetry.
999 _c78332
_d78332